=LDR 00000nam 2200000 4500 =001 INLIS000000000035696 =005 20130612141531 =008 ***********************************Ind** =035 ##$$0010-061300000035696 =041 ##$$a Ind =082 ##$$a 005.73 =090 ##$$a 005.73, Riz p =100 ##$$a Rizky, Soetomo =245 ##$$a Panduan Belajar SQL Server 2005, Express Edition, Oleh Soetomo Rizky =260 ##$$a 2008 $b Jakarta =300 ##$$a xv, 344 hlm, ilus, 20,5 cm =650 ##$$a Komputer Program =850 ##$$a NBPNMAT